Africa per Last Letter Quiz Stats

 Plays Quiz Updated Jul 2, 2018

Challenge
Share
Tweet
Embed
Score 0/15 Timer 03:00
3 Plays Today
Last Letter Country or Capital % Correct
AAbuja, Addis Ababa, Algeria…
99.6%
OAntananarivo, Bamako, Burkina Faso...
94.6%
IBangui, Burundi, Djibouti...
88.8%
EBrazzaville, Cabo Verde, Cote d'Ivoire...
87.7%
NBenin, Cameroon, Freetown...
86.7%
TEgypt, Nouakchott & Rabat
84.3%
RMadagascar, Niger & Dakar
83.9%
DChad
82.8%
Last Letter Country or Capital % Correct
SAlgiers, Comoros, Mauritius...
73.4%
LBanjul & Senegal
52.6%
CCentral African Republic
51.6%
UBissau, Guinea-Bissau, Maseru...
48.8%
YConakry & Niamey
26.6%
MKhartoum
23.5%
KWindhoek
20.4%

You're not logged in!

Compare scores with friends on all Sporcle quizzes.
OR
Log In

You Might Also Like...

Show Comments

Extras

Top Quizzes Today


Score Distribution

Your Account Isn't Verified!

In order to create a playlist on Sporcle, you need to verify the email address you used during registration. Go to your Sporcle Settings to finish the process.

Report this User

Report this user for behavior that violates our Community Guidelines.

Details: